000 00630nam a22002177a 4500
003 UA-OsUOA
001 116987
007 ta
008 20160420b un ||||| |||| 00| 0 ukr d
100 _aДубініна О.
090 _a82
_bД79
942 _cSA
040 _aUA-OsUOA
_bukr
_cUA-OsUOA
_dUA-OsUOA
245 _aЕкранізація літературного твору як предмет компаративного дослідження
300 _aС.40-58
955 _a0
041 _aukr
080 _a82
773 0 _w116984
650 7 _a82 Література. Літературознавство
_2UDC
999 _c402965
_d402965